<?xml version="1.0" encoding="UTF-8"?><?xml-stylesheet type="text/xsl" href="static/style.xsl"?><OAI-PMH xmlns="http://www.openarchives.org/OAI/2.0/" xmlns:xsi="http://www.w3.org/2001/XMLSchema-instance" xsi:schemaLocation="http://www.openarchives.org/OAI/2.0/ http://www.openarchives.org/OAI/2.0/OAI-PMH.xsd"><responseDate>2026-04-13T02:23:09Z</responseDate><request verb="GetRecord" identifier="oai:www.recercat.cat:2072/465671" metadataPrefix="marc">https://recercat.cat/oai/request</request><GetRecord><record><header><identifier>oai:recercat.cat:2072/465671</identifier><datestamp>2026-03-28T08:17:19Z</datestamp><setSpec>com_2072_98</setSpec><setSpec>col_2072_378192</setSpec></header><metadata><record xmlns="http://www.loc.gov/MARC21/slim" xmlns:dcterms="http://purl.org/dc/terms/" xmlns:xsi="http://www.w3.org/2001/XMLSchema-instance" xmlns:doc="http://www.lyncode.com/xoai" xsi:schemaLocation="http://www.loc.gov/MARC21/slim http://www.loc.gov/standards/marcxml/schema/MARC21slim.xsd">
   <leader>00925njm 22002777a 4500</leader>
   <datafield ind2=" " ind1=" " tag="042">
      <subfield code="a">dc</subfield>
   </datafield>
   <datafield ind2=" " ind1=" " tag="720">
      <subfield code="a">Felix Vega, Carlos Fernando</subfield>
      <subfield code="e">author</subfield>
   </datafield>
   <datafield ind2=" " ind1=" " tag="720">
      <subfield code="a">Spijker, Jeroen</subfield>
      <subfield code="e">author</subfield>
   </datafield>
   <datafield ind2=" " ind1=" " tag="720">
      <subfield code="a">Zueras Castillo, Pilar</subfield>
      <subfield code="e">author</subfield>
   </datafield>
   <datafield ind2=" " ind1=" " tag="260">
      <subfield code="c">2021</subfield>
   </datafield>
   <datafield ind2=" " ind1=" " tag="520">
      <subfield code="a">Altres ajuts: Finançament del programa CERCA Generalitat de Catalunya</subfield>
   </datafield>
   <datafield ind2=" " ind1=" " tag="520">
      <subfield code="a">El presente artículo tiene como objetivo caracterizar el sistema de apoyo para la vejez construido desde la política pública en México. Para este efecto se presentará la evolución de tres elementos que componen la atención de las problemáticas de los adultos mayores en México: la institucionalidad, los mecanismos de acción y el sistema de pensiones. La institucionalidad surge con la creación y funcionamiento de los institutos nacionales para los adultos mayores que han tenido un impacto diferenciado en el tiempo. Los mecanismos se materializan con las diferentes políticas y programas generados para atenuar la vulnerabilidad de la población envejecida traduciéndose en acciones como transferencias monetarias, cuidados de la salud y apoyos laborales, etc. El actual sistema de pensiones se encuentra dividido en el esquema contributivo y el no contributivo. El modelo contributivo tradicionalmente se ha dirigido a los trabajadores formales quienes son 40 por ciento de la fuerza laboral, lo que ha dejado en desprotección a la gran mayoría de adultos mayores. Para atender a quienes no contaban con una pensión contributiva el estado mexicano ha intentado organizar un modelo no contributivo para palear las diferencias entre los trabajadores formales y los informales.</subfield>
   </datafield>
   <datafield ind2=" " ind1=" " tag="520">
      <subfield code="a">The aim of this article is to characterize the old-age support system that has been built from public policy in Mexico. To this end, it will present the development of three elements that accommodate the responses to the difficulties older adults face in Mexico: the institutional framework,the mechanisms of action and the pension system. Institutionality arises with the creation and operation of national institutes for older adults that have had a differentiated impact over time.The mechanisms are materializedwith the different policies and programs generated to attenuatethe vulnerability of the old-age population through actions such as monetary transfers, healthcare and labor support, etc. The current pension system is divided into a contributory and a non-contributory scheme. The contributory model has traditionally targeted formal workers, who make up 40 per cent of the workforce, leaving the vast majority of older adults unprotected. To assist those without a contributory pension, the Mexican state has tried to organize a non-contributory model to bridge the gap between formal and informal workers.</subfield>
   </datafield>
   <datafield tag="653" ind2=" " ind1=" ">
      <subfield code="a">Adultos mayores</subfield>
   </datafield>
   <datafield tag="653" ind2=" " ind1=" ">
      <subfield code="a">Política social</subfield>
   </datafield>
   <datafield tag="653" ind2=" " ind1=" ">
      <subfield code="a">Envejecimiento</subfield>
   </datafield>
   <datafield tag="653" ind2=" " ind1=" ">
      <subfield code="a">Pensiones contributivas</subfield>
   </datafield>
   <datafield tag="653" ind2=" " ind1=" ">
      <subfield code="a">Pensiones no contributivas</subfield>
   </datafield>
   <datafield tag="653" ind2=" " ind1=" ">
      <subfield code="a">Older adults</subfield>
   </datafield>
   <datafield tag="653" ind2=" " ind1=" ">
      <subfield code="a">Social policy</subfield>
   </datafield>
   <datafield tag="653" ind2=" " ind1=" ">
      <subfield code="a">Aging</subfield>
   </datafield>
   <datafield tag="653" ind2=" " ind1=" ">
      <subfield code="a">Contributory pensions</subfield>
   </datafield>
   <datafield tag="653" ind2=" " ind1=" ">
      <subfield code="a">Non-contributory pensions</subfield>
   </datafield>
   <datafield ind2="0" ind1="0" tag="245">
      <subfield code="a">Sistema de pensiones y apoyo social a adultos mayores en México, 1979-2019</subfield>
   </datafield>
</record></metadata></record></GetRecord></OAI-PMH>